| 000 | 01178cam a2200253 i 4500 | ||
|---|---|---|---|
| 003 | SA-RiAUC | ||
| 005 | 20241005153909.0 | ||
| 008 | 241003s1997 ua g 11010bara d | ||
| 020 | _a9772357607 | ||
| 040 |
_aSA-RiIMS _bara _cSA-RiAUC _erda |
||
| 082 | 0 | 4 | _a928 |
| 090 |
_a928 _bن د و |
||
| 111 | 2 |
_aندوة الاحتفال بذكرى مرور مائة عام على وفاة عبد الله النديم _d( 1995 : _cالقاهرة). |
|
| 245 | 1 | 2 |
_aبحوث ندوة الاحتفال بذكرى مرور مائة عام على وفاة عبد الله النديم : _bبحوث الندوة المقامة في الفترة من 27 مايو إلى 29 مايو 1995. |
| 264 | 1 |
_aالقاهرة : _bالمجلس الأعلى للثقافة، _c1997 |
|
| 300 |
_a342 صفحة ؛ _c27 سم |
||
| 336 |
_aنص _btxt _2rdacontent _3كتاب |
||
| 337 |
_aبدون وسيط _bn _2rdamedia |
||
| 338 |
_aمجلد _bnc _2rdacarrier |
||
| 600 | 1 | 7 |
_aعبد الله نديم، عبد الله بن مصباح بن إبراهيم، _d1845-1896 _2aucnm |
| 650 | 7 |
_aالأدباء العرب _vتراجم _2aucsh |
|
| 942 |
_2ddc _cBOOK _n0 |
||
| 949 |
_aSA-JeALM _d241003 _umohamedma123 _n1 |
||
| 999 |
_c879 _d879 |
||